| 000 | 00507nam a2200181Ia 4500 | ||
|---|---|---|---|
| 008 | 151213s9999 xx 000 0 und d | ||
| 020 | _a978-007-126335-1 | ||
| 082 |
_a658.8802 _b658.8802 |
||
| 100 | _aDavid W. Cravens/ Nigel F.Pierey | ||
| 245 |
_aStrategic Marketing _cDavid W. Cravens/ Nigel F.Pierey |
||
| 250 | _a9th | ||
| 260 |
_aNew york _bMcGrawHill. _c2009 |
||
| 300 | _a11124 p. | ||
| 650 | _aMarketing | ||
| 650 | _aMarketing | ||
| 700 | _aDavid W. Cravens/ Nigel F.Pierey | ||
| 999 |
_c4983 _d4983 |
||